000 01102nac a22002771i 4500
003 EG-ScBUE
005 20250317092931.0
008 250305s2004 ii a f 000 0 eng d
020 _a8121909090
020 _a9788121909099
040 _aEG-ScBUE
_beng
_erda
_cEG-ScBUE
_dEG-ScBUE
082 0 4 _a530.028
_bARO
_222
100 1 _aArora, C. L.,
_eauthor.
245 1 0 _aB.Sc. practical physics :
_bfor B.Sc. (pass & hons.) students of all Indian Universities /
_cC.L. Arora, formerly principal, D.A.V. College, Jalandhar and dean of Colleges, Guru Nanak Dev University, Amristar.
250 _aThoroughly revised and enlarged twentieth edition.
264 1 _aRam Nagar, New Delhi :
_bS. Chand & Company LTD.,
_c2004.
300 _axiv, 609 pages :
_billustrations ;
_c20 cm
336 _2rdacontent
_atext
_btxt
337 _aunmediated
_2rdamedia
_bn
338 _avolume
_bnc
_2rdacarrier
521 _aFor B.Sc. (pass & hons.) students of all Indian universities.
650 7 _aPhysics
_xExperiments.
_2BUEsh
650 7 _aPhysics
_xMethodology.
_2BUEsh
655 _vReading book
942 _cBB
_2ddc
999 _c3816
_d3816